Essay on the principles of translation.

Bibliographic Details
Main Author: Woodhouselee, Alexander Fraser Tytler, Lord, 1747-1813
Format: eBook
Language:English
Edition:The second edition, corrected and considerably enlarged.
Series:Eighteenth century collections online.
Online Access:Full text online

MARC

Tag First Indicator Second Indicator Subfields
LEADER 00000cam a2200000 4500
001 in00001908361
006 m | d |
007 cr |n||||||||n
008 831012s1797 enk|||| s 00||||eng d
005 20260403185218.5
035 |a (CStRLIN)ESTCT145375 
040 |a Uk-ES  |c Uk-ES  |d CStRLIN  |d Thomson Gale  |d UtOrBLW 
100 1 |a Woodhouselee, Alexander Fraser Tytler,  |c Lord,  |d 1747-1813. 
245 1 0 |a Essay on the principles of translation. 
250 |a The second edition, corrected and considerably enlarged. 
264 3 |a London :  |b printed for T. Cadell and W. Davies; and W. Creech, Edinburgh,  |c 1797. 
300 |a 2 unnumbered pages, ix, 1 unnumbered page, 416p. ;  |c 8⁰. 
336 |a text  |b txt  |2 rdacontent 
337 |a computer  |b c  |2 rdamedia 
338 |a online resource  |b cr  |2 rdacarrier 
500 |a Anonymous. By Alexander Fraser Tytler. 
500 |a With a half-title. 
500 |a Reproduction of original from the British Library. 
510 4 |a Alston,  |c III.858 
510 4 |a English Short Title Catalog,  |c ESTCT145375. 
533 |a Electronic reproduction.  |b Farmington Hills, Mich. :  |c Thomson Gale,  |d 2003.  |n Available via the World Wide Web.  |n Access limited by licensing agreements  |7 s2003 miunns 
500 |a Electronic resource. 
830 0 |a Eighteenth century collections online. 
856 4 0 |u http://proxy.library.tamu.edu/login?url=https://galenet.galegroup.com/servlet/ECCO?c=1&stp=Author&ste=11&af=BN&ae=T145375&tiPG=1&dd=0&dc=flc&docNum=CW112692773&vrsn=1.0&srchtp=a&d4=0.33&n=10&SU=0LRK&locID=txshracd2898  |z Full text online  |t 0 
999 |a MARS 
999 f f |s 6c7bdc4d-c982-3f85-a1e9-1efdb154f0d2  |i e09daa03-84c5-3aa1-8cb2-db6840029d22  |t 0 
952 f f |a Texas A&M University  |b College Station  |c Electronic Resources  |s www_evans  |d Available Online  |t 0  |h No information provided 
998 f f |t 0  |l Available Online